000 00284nam a22001337a 4500
008 170817b xxu||||| |||| 00| 0 eng d
020 _a9781439049242
041 _aeng
080 _a51
100 _a36
101 _aMAT
245 _aFINITE MATHEMATICS
_cWANER,S
942 _2udc
_cBK
999 _c23998
_d23998